LIBRARY & INFORMATION CENTRE, KCAET, TAVANUR

ONLINE PUBLIC ACCESS CATALOGUE (OPAC)

Upkar's CSIR UGC NET/JRF/SET Life Science (Record no. 14629)

MARC details
000 -LEADER
fixed length control field 00386nam a22001457a 4500
020 ## - INTERNATIONAL STANDARD BOOK NUMBER
ISBN 9788174824233
082 ## - DEWEY DECIMAL CLASSIFICATION NUMBER
Classification number 574.
Item number PUS/CS
100 ## - MAIN ENTRY--AUTHOR NAME
Personal name Pushkar, Kumar
100 ## - MAIN ENTRY--AUTHOR NAME
Personal name Singh A.P.
245 ## - TITLE STATEMENT
Title Upkar's CSIR UGC NET/JRF/SET Life Science
260 ## - PUBLICATION, DISTRIBUTION, ETC. (IMPRINT)
Place of publication Agra-2
Name of publisher Upkar Prakashan
Year of publication 2013
300 ## - PHYSICAL DESCRIPTION
Number of Pages 672
500 ## - GENERAL NOTE
General note Appendix Life Science Solved Model Papers
942 ## - ADDED ENTRY ELEMENTS (KOHA)
Koha item type Books
Holdings
Withdrawn status Lost status Damaged status Collection code Home library Current library Shelving location Date acquired Source of acquisition Cost, normal purchase price Full call number Accession Number Koha item type
        KAUAET KAUAET General Stacks 21/07/2016 Professional Books Cochin 599.00 574. PUS/CS 24255 Books
free website counter